| 000 | 00928nam a2200241 i 4500 | ||
|---|---|---|---|
| 001 | 125600 | ||
| 003 | ES-MaACL | ||
| 005 | 20250811052500.0 | ||
| 007 | t| | ||
| 008 | 070620s1860 sp |||| |dspa d | ||
| 080 | _a328(460)"1808/14" | ||
| 100 | 1 |
_aVillanueva, Joaquín Lorenzo, _d1757-1837 _9115023 |
|
| 245 | 1 | 0 |
_aMi viaje a las Cortes / _cobra inédita de Joaquín Lorenzo Villanueva. |
| 260 |
_aMadrid : _b[s.n.], _c1860 ( _fImprenta Nacional) |
||
| 300 |
_aVII, 527 p. ; _c25 cm. |
||
| 530 | _aDisponible en formato digital. | ||
| 594 | _aImpresa por acuerdo de la Comisión de Gobierno Interior del Congreso de los Diputados. | ||
| 610 | 1 | 4 |
_aEspaña. _bCortes de Cádiz _93663 |
| 651 | 4 |
_aEspaña- _xPolítica y gobierno- _y1814-1833. _9173618 |
|
| 852 | 4 |
_aES-MaACL _jG-6984 |
|
| 856 | 4 |
_uhttp://bdh-rd.bne.es/viewer.vm?id=0000037549&page=1 _zBiblioteca Digital Hispánica |
|
| 999 |
_c125600 _d125600 |
||